The Princeton companion to mathematics /

Guardado en:
Autor Corporativo: Princeton University.
Otros Autores: Gowers, Timothy. (Editor ), Barrow-Green, June, 1953- (Editor ), Leader, Imre. (Editor )
Formato: Libro
Idioma:English
Publicado: Princeton : Princeton University Press, c2008.
Materias:
Acceso en línea:Table of contents
Etiquetas: Agregar Etiqueta
Sin Etiquetas, Sea el primero en etiquetar este registro!
LEADER 00953cam a22002534a 4500
001 MAT.inmabb006973
008 080505s2008####njua#####b####001#0#eng##
005 20170919134326.0
245 0 4 |a The Princeton companion to mathematics /  |c editor, Timothy Gowers ; associate editors, June Barrow-Green, Imre Leader. 
260 |a Princeton :  |b Princeton University Press,  |c c2008. 
300 |a xx, 1034 p. :  |b il. ;  |c 26 cm. 
504 |a Incluye referencias bibliográficas e índice. 
510 4 |a MR,  |c 2009i:00002 
020 |a 9780691118802 (hardcover : alk. paper) 
700 1 |a Gowers, Timothy.  |4 edt 
700 1 |a Barrow-Green, June,  |d 1953-  |4 edt 
700 1 |a Leader, Imre.  |4 edt 
710 2 |a Princeton University. 
650 0 |a Mathematics. 
084 |a 00A05  |2 msc2000 
010 |a  2008020450 
040 |a DLC  |c DLC  |d DLC 
856 4 1 |3 Table of contents  |u http://www.loc.gov/catdir/toc/ecip0818/2008020450.html 
859 |h 00A05  |i P957  |p A-9164  |b BIB. MATEMATICA